| 000 | 01148nam a2200253Ia 4500 | ||
|---|---|---|---|
| 999 |
_c50304 _d50304 |
||
| 001 | 17245 | ||
| 003 | GE_BSU | ||
| 005 | 20200204162153.0 | ||
| 008 | 181216s2004 xx |||||||||||||| ||geo|| | ||
| 020 | _a999283207X | ||
| 040 | _cGE_BSU | ||
| 041 | _ageo | ||
| 080 | _a343.156 ბ-89 | ||
| 100 |
_aბოხაშვილი, ირინე. _96814 |
||
| 245 |
_aაპელაცია სისხლის სამართლის პროცესში / _cირინე ბოხაშვილი ; რედ. აპოლონ ფალიაშვილი. |
||
| 264 |
_aთბილისი : _bმერიდიანი, _c2004. |
||
| 300 |
_a176 გვ.: _c20 სმ |
||
| 504 | _aბიბლიოგრ. ტექსტ. შენიშვნ. და გვ. 156-173 | ||
| 546 | _aრეზ. რუს. და ინგლ. ენ | ||
| 653 | _aაპელაცია სისხლის სამართლის პროცესში | ||
| 653 | _aსამართალი | ||
| 700 |
_aფალიაშვილი, აპოლონ _eრედაქტორი _9241 |
||
| 942 |
_cBK _2udc |
||